书目信息 |
| 题名: |
中国政治制度史
|
|
| 作者: | 韦庆远 , 柏桦 编著 | |
| 分册: | ||
| 出版信息: | 北京 中国人民大学出版社 2005 |
|
| 页数: | 693页 | |
| 开本: | 23cm | |
| 丛书名: | ||
| 单 册: | ||
| 中图分类: | D69 | |
| 科图分类: | ||
| 主题词: | 政治制度--历史--中国--高等学校--教材 , 政治制度 | |
| 电子资源: | ||
| ISBN: | 7-300-06272-5 | |
| 000 | 01070nam0 2200289 450 | |
| 000 | 01066nam0 2200277 450 | |
| 000 | 01000nam0 2200253 450 | |
| 000 | 00962nam0 2200241 45 | |
| 005 | 20070724085246.48 | |
| 010 | @a7-300-06272-5@dCNY45.00 | |
| 100 | @a20070618d2005 em y0chiy0120 ea | |
| 101 | 0 | @achi |
| 102 | @aCN@b110000 | |
| 105 | @ay z 000yy | |
| 200 | 1 | @a中国政治制度史@AZhong Guo Zheng Zhi Zhi Du Shi@f韦庆远,柏桦编著@FWei Qing Yuan, Bai Hua Bian Zhu |
| 205 | @a2版 | |
| 210 | @a北京@c中国人民大学出版社@d2005 | |
| 215 | @a693页@d23cm | |
| 300 | @a高等学校文科教材 | |
| 330 | @a本书分别叙述了自古以来至1949年中国诸种重要典章制度的发展变化,考察了必然要受到各时期国体和政治体制统率和制约的各种单行制度。依据政治制度的基本原理和基本内涵,梳理和总结了中国政治制度形成和发展的过程。 | |
| 606 | 0 | @a政治制度@x历史@y中国@x高等学校@j教材 |
| 606 | 0 | @a政治制度 |
| 690 | @aD69@v4 | |
| 701 | 0 | @a韦庆远@AWei Qing Yuan@f(1928~)@4编著 |
| 701 | 0 | @a柏桦@ABai Hua@f(1953.4~)@4编著 |
| 801 | 0 | @aCN@bTAOJIN@c20070724 |
| 905 | @a10447@dD69@e142=2 | |
| 中国政治制度史/韦庆远,柏桦编著.-2版.-北京:中国人民大学出版社,2005 |
| 693页;23cm |
| 高等学校文科教材 |
| ISBN 7-300-06272-5:CNY45.00 |
| 本书分别叙述了自古以来至1949年中国诸种重要典章制度的发展变化,考察了必然要受到各时期国体和政治体制统率和制约的各种单行制度。依据政治制度的基本原理和基本内涵,梳理和总结了中国政治制度形成和发展的过程。 |
| ● |
| 相关链接 |
|
|
|
|
正题名:中国政治制度史
索取号:D69/142=2
 
预约/预借
| 序号 | 登录号 | 条形码 | 馆藏地/架位号 | 状态 | 备注 |
| 1 | 0823884 | 208238842 | 第一样本阅览室/ [索取号:D69/142=2] | 在馆 | |
| 2 | 0823885 | 208238851 | 密集书库/ [索取号:D69/142=2] | 在馆 | |
| 3 | 0823886 | 208238860 | 第一借阅区/ [索取号:D69/142=2] | 在馆 | |
| 4 | 0823887 | 208238879 | 第一借阅区/ [索取号:D69/142=2] | 在馆 | |
| 5 | 0823888 | 208238888 | 第一借阅区/ [索取号:D69/142=2] | 在馆 | |
| 6 | 0823889 | 208238897 | 第一借阅区/ [索取号:D69/142=2] | 在馆 | |
| 7 | 0823890 | 208238904 | 密集书库/ [索取号:D69/142=2] | 在馆 | |
| 8 | 0823891 | 208238913 | 密集书库/ [索取号:D69/142=2] | 在馆 |